MARC

Tag First Indicator Second Indicator Subfields
LEADER 00000cas a2200000 a 4500
001 in00000051268
005 20151007065937.0
008 760429c19uuuuuuoncar4 0 a0eng d
010 |a  86642064   |z cn 76031976  
016 |a 760319766 
022 |a 0082-5239  |z 0374-0579 
035 |a (OCoLC)ocm02627595 
035 |a (OCoLC)02627595 
035 |9 AAE3016AM 
037 |b Institute for Aerospace Studies, University of Toronto, Toronto, Ont. 
040 |a NLC  |b eng  |c NLC  |d NSD  |d DLC  |d NST  |d DLC  |d NST  |d DLC  |d UtOrBLW 
042 |a lc  |a nlc  |a isds/c 
043 |a n-cn-on 
049 |a TXAM 
050 0 0 |a TL568.U55  |b U5a 
055 0 1 |a TL501 
082 0 0 |a 629.13/00720713/541  |2 19 
110 2 |a University of Toronto.  |b Institute for Aerospace Studies. 
222 0 |a Annual progress report - Institute for Aerospace Studies. University of Toronto 
245 1 0 |a Annual progress report. 
264 1 |a [Toronto] :  |b [Institute for Aerospace Studies, University of Toronto] 
300 |a volumes :  |b illustrations ;  |c 28 cm. 
310 |a Annual 
336 |a text  |b txt  |2 rdacontent 
337 |a unmediated  |b n  |2 rdamedia 
338 |a volume  |b nc  |2 rdacarrier 
500 |a Description based on: 1983-1984. 
610 2 0 |a University of Toronto.  |b Institute for Aerospace Studies  |v Periodicals. 
610 2 0 |a University of Toronto.  |b Institute for Aerospace Studies. 
650 6 |a Aéronautique  |x Recherche  |z Ontario  |z Toronto  |x Annuaires. 
650 6 |a Astronautique  |x Recherche  |z Toronto, Ont.  |x Annuaires. 
780 0 0 |a University of Toronto. Institute of Aerophysics.  |t Annual progress report  |w (OCoLC)5439309 
850 |a CaMWU  |a DLC  |a InLP  |a NNC 
886 2 |2 canmarc  |a 910  |b 21  |z Name changed in 1963 from Institute of Aerophysics. 
886 2 |2 canmarc  |a 910  |b 21  |a University of Toronto.  |b Institute of Aerophysics. 
886 2 |2 canmarc  |a 910  |b 21  |a U T I A S. 
886 2 |2 canmarc  |a 910  |b 11  |a Toronto, Ont.  |b University. 
886 2 |2 canmarc  |a 990  |b 20  |a 11001ab  |b 91001z 
886 2 |2 canmarc  |a 990  |b 10  |a 91002ab  |b 11001ab 
886 2 |2 canmarc  |a 990  |b 10  |a 91003a  |b 11001ab 
886 2 |2 canmarc  |a 990  |b 10  |a 91004ab  |b 11001a 
994 |a E0  |b TXA 
999 |a MARS 
999 f f |s f77a7ce6-ebc2-388a-87db-4ee351d2248e  |i e9b75e46-e300-3b7e-bd90-05043be7393b  |t 0 
952 f f |p ric  |a Texas A&M University  |b Rellis Campus  |c Joint Library Facility  |d Remote Storage  |t 0  |e TL568.U55 U5a  |h Library of Congress classification  |i unmediated -- volume  |l 1963  |m A14832261825 
952 f f |p ric  |a Texas A&M University  |b Rellis Campus  |c Joint Library Facility  |d Remote Storage  |t 0  |e TL568.U55 U5a  |h Library of Congress classification  |i unmediated -- volume  |l 1965  |m A14816204978 
952 f f |p ric  |a Texas A&M University  |b Rellis Campus  |c Joint Library Facility  |d Remote Storage  |t 0  |e TL568.U55 U5a  |h Library of Congress classification  |i unmediated -- volume  |l 1964  |m A14832261867 
998 f f |a TL568.U55 U5a  |s 1963-1965  |t 0  |l Remote Storage